WandaVision Characters Quiz - Statistics

General Stats
  • This quiz has been taken 427 times
    402 since last reset
  • The average score is 16 of 29
Answer Stats
Hint Answer % Correct
Above’s real name Wanda Maximoff
99%
Android Vision
98%
Main character Scarlet Witch
91%
Witch Agatha Harkness
89%
Wanda’s twin son Billy Maximoff
81%
Captain of SWORD Monica Rambeau
80%
Wanda’s ‘brother’ Pietro Maximoff
80%
Wanda’s twin son Tommy Maximoff
80%
Discovered the sitcoms Darcy Lewis
76%
FBI Agent Jimmy Woo
76%
Wanda’s neighbour Agnes
75%
Fast superhero Quicksilver
71%
Head of committee for the children Dottie Jones
67%
Dog Sparky
65%
Vision’s boss Arthur Hart
57%
Above’s wife Mrs Hart
56%
Agnes’ husband Ralph Bohner
52%
Acting director of SWORD Tyler Hayward
46%
Above’s undercover name Geraldine
37%
Cuts through Vision’s wall Herb
35%
Works with Vision Norm
35%
Agatha’s rabbit Señor Scratchy
24%
Wanda’s father Oleg Maximoff
23%
Dottie’s husband Phil Jones
18%
Wanda’s mother Iryna Maximoff
17%
Agatha’s mother Evanora Harkness
13%
Shut down by Dottie at the meeting Beverly
9%
Delivery Guy Dennis
7%
SWORD Major Goodner
3%
No matching quizzes found
Score Distribution
Percent of People with Each Score
Percentile by Number Answered
Your Score History
You have not taken this quiz since the last reset